000 00401nam a2200157Ia 4500
008 230711s9999||||xx |||||||||||||| ||und||
041 _aENG
082 _a621
_bPE-V
100 _aPerry,Douglas I
245 0 _aVHDL: programming by example
250 _a4th . Ed.
260 _c2007
_aNew Delhi
_bTata McGraw Hill Education Limited
300 _a476
650 _aElectrical Engineering
942 _cBK
999 _c2846
_d2846